Statistiques concernant Personnages de fiction en images - E

Cliquez ici pour prendre le quiz!

Statistiques générales

  • Ce quiz a été pris 28 934 fois
  • Le résultat moyen est 8 sur 20

Statistiques - réponses

Réponse% Correct
Elsa
95%
Edward aux Mains d'Argent
77%
Évoli
75%
Esmeralda
73%
EVE
55%
Eric Cartman
46%
Edna Mode
45%
Elizabeth Swann
39%
Elastigirl
33%
Edgar
29%
Elmo
26%
Elrond
25%
Elliott
23%
Épona
22%
Ethan Hunt
22%
Eros
19%
Elmer Fudd
18%
Eugène Krabs
16%
Émile Gravier
12%
Edmond Honda
11%

Distribution des résultats

Percentile par nombre de réponses

% des personnes avec chaque résultat

Votre développement - résultats

Vous n’avez pas pris ce quiz